| 000 | 00416nam a2200157Ia 4500 | ||
|---|---|---|---|
| 008 | 160316s2012 xxu||||| |||| 00| 0 eng d | ||
| 082 |
_a341.520000 _bUNI |
||
| 100 | _a | ||
| 245 | _aStatus of conventions and model laws | ||
| 250 | _a | ||
| 260 |
_aUnited Nations _bUnited Nations General Assembly _c2012 |
||
| 300 |
_a30 _b _c |
||
| 365 | _b | ||
| 650 | _a1. Model laws 2. International trade law | ||
| 700 |
_a _a |
||
| 999 |
_c39869 _d39869 |
||